000 00381nam a22001697a 4500
005 20160628141028.0
008 160628b xxu||||| |||| 00| 0 eng d
020 _a81-7806-032-9
041 _aeng
082 _b10922
100 _aNeogy, Jayant
_92592
245 _aWinning Resume
260 _bUnicorn Books
_c2008
300 _a124
650 _aManagement
_9241
942 _cBK
999 _c4427
_d4426